[Event "Omegna op 1st"]
[Site "Omegna"]
[Date "2013.07.06"]
[Round "5"]
[White "Ferri, Antonio"]
[Black "Cuttaia, Giacinto"]
[Result "1-0"]
[WhiteElo "1650"]
[BlackElo "1811"]
[PlyCount "43"]
[EventDate "2013.07.04"]
[EventType "swiss"]
[EventRounds "6"]
[EventCountry "ITA"]
[SourceTitle "EXT 2014"]
[Source "ChessBase"]
[SourceDate "2013.11.20"]
[SourceVersion "1"]
[SourceVersionDate "2013.11.20"]
[SourceQuality "1"]

1. d4 d5 2. c4 c6 3. Nc3 e6 4. Nf3 Nf6 5. Bg5 Be7 6. Bxf6 Bxf6 7. e3 Nd7 8. Qc2 a6 9. Be2 dxc4 10. Bxc4 b5 11. Be2 Bb7 12. Ne4 Rc8 13. Nd6+ Ke7 14. Nxb7 Qc7 15. Nc5 Rhd8 16. Nxd7 Rxd7 17. a4 Kf8 18. 0-0 Kg8 19. Rfc1 e5 20. Nxe5 Bxe5 21. dxe5 Qxe5 22. Bg4 1-0